| 000 | 00441nam a2200157Ia 4500 | ||
|---|---|---|---|
| 008 | 230718s9999 xx 000 0 und d | ||
| 041 | _aeng | ||
| 082 |
_a340 _bPAR |
||
| 100 | _aParulekar P. | ||
| 245 | _aApplied Science For First Year Chemistry 1 With Practicals | ||
| 260 |
_c1992 _bShree Publication |
||
| 300 | _a34 | ||
| 365 |
_cRs. _b40.00 |
||
| 700 |
_aParulekar P. & Deshpande J. _9124401 |
||
| 906 |
_dB:97505-Aug-1996 _cALLEDS _b6 |
||
| 999 |
_c295567 _d295567 |
||